Los hermanos de Falito y otros cuentos / (Registro nro. 11007)

Detalles MARC
000 -LIDER
fixed length control field 00706nam a2200253 i 4500
001 - NÚMERO DE CONTROL
Identificador de número de control 0000562
003 - IDENTIFICACDOR DE NÚMERO DE CONTROL
control field DO-SdBNP
005 - DATE AND TIME OF LATEST TRANSACTION
control field 20180126113221.0
007 - CAMPOS FIJOS DE DESCRIPCIÓN FÍSICA
fixed length control field 0000562
008 - ELEMENTOS DE LONGITUD FIJA
fixed length control field 921113s 1960 sp a | | spa d
016 7# - NO. DE CONTROL DE LA AGENCIA BIB. NACIONAL
Record control number
Canceled/invalid record control number
017 ## - NÚMERO DE REGISTRO DE DERECHOS DE AUTOR
Copyright or legal deposit number
Assigning agency
035 ## - NÚMERO LOCAL
System control number
040 ## - FUENTE DE CATALOGACIÓN
Agencia que crea de manera original el registro BPMSU
Idioma de catalogación spa
Agencia que realiza la transcripción BPMSU
080 #4 - NÚMERO DE CLASIFICACIÓN DECIMAL UNIVERSAL
Universal Decimal Classification number
100 1# - ASIENTO PRINCIPAL -- NOMBRE PERSONAL
Nombre personal González Ruiz, Isabel
245 14 - MENCIÓN DE TITULO
Título Los hermanos de Falito y otros cuentos /
Mención de responsabilidad Isabel González Ruiz ; ilustraciones Jesús Bernal
Medio (Designación general de material)
260 ## - PUBLICACIÓN, DISTRIBUCIÓN, ETC. (PIE DE IMPRENTA)
Lugar de publicación, distribución, etc Madrid :
Nombre del editor, distribuidor, etc. Escuela española,
Fecha de publicación, distribución, etc 1960.
300 ## - DESCRIPCIÓN FÍSICA
Extensión 127 p. :
Otros detalles físicos il.,
Dimensiones 22 cm.
700 12 - ASIENTO SECUNDARIO -- NOMBRE PERSONAL
Nombre personal Bernal, Jesús
Mención de responsabilidad il.
942 ## - ADDED ENTRY ELEMENTS (KOHA)
Source of classification or shelving scheme Dewey Decimal Classification
Koha item type Libros
945 ## - INFORMACIÓN DE PROCESAMIENTO LOCAL
Información de procesamiento local Inventariado extranjero / 2018 VM
956 ## - LOCAL ELECTRONIC LOCATION AND ACCESS (OCLC)
Nombre de host ylockward
Método de acceso 10
Enlace BPMSU
Campo enlazado y núm. de secuencia 00151
Existencias
Withdrawn status Lost status Source of classification or shelving scheme Damaged status Not for loan Collection code Home library Current library Date acquired Source of acquisition Total Checkouts Barcode Date last seen Price effective from Koha item type
    Dewey Decimal Classification     Colección General Biblioteca Pública Metropolitana Salomé Ureña Biblioteca Pública Metropolitana Salomé Ureña 07/22/2016   BPMSU16070630 07/22/2016 07/22/2016 Libros